Central Library OPAC University of Rajshahi

The Young Turks : (Record no. 29354)

MARC details
000 -LEADER
fixed length control field 00720nam a2200229 4500
001 - CONTROL NUMBER
control field 29354
003 - CONTROL NUMBER IDENTIFIER
rucl marc code BD-RjUL
005 - DATE AND TIME OF LATEST TRANSACTION
control field 20211209051413.0
008 - FIXED-LENGTH DATA ELEMENTS--GENERAL INFORMATION
fixed length control field 140403r19701957nyu b 001 0 eng
035 ## - SYSTEM CONTROL NUMBER
System control number (BD-RjUL)
040 ## - CATALOGING SOURCE
Original cataloging agency DLC
Transcribing agency DLC
Modifying agency BD-RjUL
Language of cataloging eng
041 ## - LANGUAGE CODE
Language code of text/sound track or separate title eng
082 00 - DEWEY DECIMAL CLASSIFICATION NUMBER
Classification number 956.101
Author mark and year RAY 1970
100 1# - MAIN ENTRY--PERSONAL NAME
Personal name Ramsaur, Ernest Edmondson.
9 (RLIN) 85392
245 14 - TITLE STATEMENT
Title The Young Turks :
Remainder of title prelude to the revolution of 1908 /
Statement of responsibility, etc. Ernest Edmondson Ramsaur
260 ## - PUBLICATION, DISTRIBUTION, ETC. (IMPRINT)
Place of publication, distribution, etc. New York :
Name of publisher, distributor, etc. Russell & Russell,
Date of publication, distribution, etc. c1957 [Reissued 1970].
300 ## - PHYSICAL DESCRIPTION
Pagination xii, 180 p. ;
Size 23 cm.
504 ## - BIBLIOGRAPHY, ETC. NOTE
Bibliography, etc Include bibliography and index.
651 #0 - SUBJECT ADDED ENTRY--GEOGRAPHIC NAME
Geographic name Turkey
General subdivision Politics and government
Chronological subdivision 1878-1909.
9 (RLIN) 85394
942 ## - ADDED ENTRY ELEMENTS (KOHA)
Source of classification or shelving scheme Dewey Decimal Classification
Koha item type Books
Holdings
Lost status Source of classification or shelving scheme Damaged status Not for loan Collection code Permanent Location Current Location Shelving location Date acquired Source of acquisition Cost, normal purchase price Total Checkouts Full call number Date last seen Copy number Koha item type
  Dewey Decimal Classification     Non-fiction Central Library, University of Rajshahi Central Library, University of Rajshahi   05/06/1982 Heffer 6.40   956.101 RAY 1970 03/04/2014 C-3 Books
  Dewey Decimal Classification     Non-fiction Central Library, University of Rajshahi Central Library, University of Rajshahi   28/10/1970 Swets & Zeithinger 86.00   956.101 RAY 1970 29/11/2016 C-2 Books